LIBRARY & INFORMATION CENTRE, KCAET, TAVANUR

ONLINE PUBLIC ACCESS CATALOGUE (OPAC)

Three one-act plays / (Record no. 4429)

MARC details
000 -LEADER
fixed length control field 00688cam a2200181ua 4500
041 ## - LANGUAGE CODE
Language code of text/sound track or separate title eng
082 ## - DEWEY DECIMAL CLASSIFICATION NUMBER
Classification number 822
Item number DAN/TH
100 ## - MAIN ENTRY--AUTHOR NAME
Personal name Dane, Clemens .
245 ## - TITLE STATEMENT
Title Three one-act plays /
260 ## - PUBLICATION, DISTRIBUTION, ETC. (IMPRINT)
Place of publication London :
Name of publisher Longman ,
Year of publication 1965.
300 ## - PHYSICAL DESCRIPTION
Number of Pages 62 ; .
700 1# - ADDED ENTRY--PERSONAL NAME
Personal name Bell, J J .
700 1# - ADDED ENTRY--PERSONAL NAME
Personal name Dix , Beulah Marie .
942 ## - ADDED ENTRY ELEMENTS (KOHA)
Koha item type Books
Holdings
Withdrawn status Lost status Damaged status Home library Current library Date acquired Full call number Accession Number Koha item type
Withdrawn     KAUAET Malayalam University 07/04/2012 822 10129 Books
free website counter